| 000 | 00737nam a22002057a 4500 | ||
|---|---|---|---|
| 003 | OSt | ||
| 005 | 20251009025545.0 | ||
| 008 | 251009b |||||||| |||| 00| 0 eng d | ||
| 020 | _a 13 : 978-1-59147-784-6. | ||
| 040 |
_aDWCL-Admin lib _cOC |
||
| 082 | _aCirc. 616.89075 Ad244 2007 | ||
| 100 | _aNeufeld, Richard W. J. | ||
| 245 |
_aAdvances in clinical cognitive science : formal modeling of processes and symptoms _cRichard W. J. Neufeld |
||
| 260 |
_bAmerican Psychological Association, _aWashington DC. : _cc 2007 |
||
| 300 |
_aix, 319 p. : ill. ; _c26 cm. |
||
| 504 | _aIncludes bibliographical references & index. | ||
| 650 | _a1. Cognitive Science. | ||
| 650 | _a2. Psychology, Pathological. | ||
| 942 |
_2ddc _cBK-CIRC _kCirc. _n0 |
||
| 999 |
_c4761 _d4761 |
||